A rasa reader: (Record no. 150416)

MARC details
000 -LEADER
fixed length control field 00607nam a22001817a 4500
005 - DATE AND TIME OF LATEST TRANSACTION
control field 20180319165100.0
010 ## - LCCN (DPL NO)
LC control number ENG-122339
020 ## - INTERNATIONAL STANDARD BOOK NUMBER
International Standard Book Number 9788178245171
Terms of availability 1495.00
035 ## - SYSTEM CONTROL NUMBER
System control number EN-105871
037 ## - SOURCE OF ACQUISITION
Source of stock number/acquisition DBAD/PUB
082 ## - DEWEY DECIMAL CLASSIFICATION NUMBER
Classification number 111.850954
245 ## - TITLE STATEMENT
Title A rasa reader:
Statement of responsibility, etc edited by Sheldon pollock
Remainder of title Classical Indian aesthetics /
260 ## - PUBLICATION, DISTRIBUTION, ETC. (IMPRINT)
Place of publication, distribution, etc Ranikhet
Name of publisher, distributor, etc Permanent Black
Date of publication, distribution, etc c2016
270 ## - ADDRESS
Address Himalayana, mall road, ranikhet cantt,
City Ranikhet
Postal code 263645
300 ## - PHYSICAL DESCRIPTION
Extent xxiv.442p.
Dimensions 25cm.(Hb)
500 ## - GENERAL NOTE
General note It includes bibliographical references and index
942 ## - ADDED ENTRY ELEMENTS (KOHA)
Source of classification or shelving scheme Dewey Decimal Classification
Item type English Books
Classification part 111.850954
Call number suffix RAS
Holdings
Withdrawn status Lost status Not for loan Collection code Home library Current library Date acquired Source of acquisition Cost, normal purchase price Full call number Barcode Copy number Cost, replacement price Koha item type
    Not For Loan Non-fiction D.B.Act.Division Bawana 19/03/2018 DBAD/PUB 1495.00 111.850954 RAS EN-105871 1 1495.00 English Books

© Delhi Public Library
Hit Counter
free hit counter